00959nam a2200277 c 4500003000900000005001700009007000300026008004100029020001800070040002800088041000800116100002800124240001300152245011700165250001800282300002900300336002700329337003300356338002800389490008400417650003600501650004100537650003800578700002700616700003800643CO-ViMGA20240307195750.0ta160307s2015 sp a | |||| 000 1 glg  a9789588846422 aCO-ViMGAbspacCO-ViMGA1 heng1 aEliot, T. S.d1888-196510aMacavity10aMacavity :cescrito por T.S. Eliot ; illustrado por Arthur Robins ; traducion, lata de salbEl gato misterioso / a1a. edición a[40] p.bil. col.c28 cm 2rdacontentatextobtxt 2rdamediaasin mediaciónbn 2rdacarrieravolumenbnc0 a Plan Nacional de Lectura y Escritura Leer es mi cuento / Ministerio de Cultura14aAnimales en la literatura2LEMB14aPoesia infantil estadounidense2LEMB14aTravesuras en la literatura2LEMB1 aLata de Saletraductor1 aRobins, Arthurd1944-eilustrador